Muestreo : guia agil y precisa de estadistica practica /

Guardado en:
Autor Principal: Slonim, Morris J.
Formato: Libro
Publicado: Buenos Aires : Americana, 1974
Materias:
Etiquetas: Agregar Etiqueta
Sin Etiquetas, Sea el primero en etiquetar este registro!
LEADER 00494nam a22001575a 4500
001 EHU.bham001621
003 AR-BHAM
005 20070319171422.0
008 130507s1974##################000#0#####d
082 3 1 |a 311.2 
100 1 |a Slonim, Morris J. 
245 1 0 |a Muestreo :  |b guia agil y precisa de estadistica practica /  |c Morris J. Slonim. 
260 |a Buenos Aires :  |b Americana,  |c 1974 
300 |a 189 p. 
653 |a Estadistica matematica 
859 |a AR-BHAM  |b BIB. HUMANIDADES - General  |h 311.2  |i SL54  |p 206.74  |t Ej.1